Fundamentals of fixed prosthodontics / (Record no. 16878)
[ view plain ]
| 000 -LEADER | |
|---|---|
| fixed length control field | 01490cam a22003135a 4500 |
| 001 - CONTROL NUMBER | |
| control field | 4471131 |
| 005 - DATE AND TIME OF LATEST TRANSACTION | |
| control field | 20160310113554.0 |
| 008 - FIXED-LENGTH DATA ELEMENTS--GENERAL INFORMATION | |
| fixed length control field | 960529t2012 ilua frb 001 0 eng d |
| 020 ## - INTERNATIONAL STANDARD BOOK NUMBER | |
| International Standard Book Number | 9780867154757 |
| 040 ## - CATALOGING SOURCE | |
| Original cataloging agency | DNLM/DLC |
| Language of cataloging | eng |
| Transcribing agency | DLC |
| Modifying agency | DLC |
| -- | EG-ScBUE |
| -- | EG-ScBUE |
| 082 04 - DEWEY DECIMAL CLASSIFICATION NUMBER | |
| Classification number | 617.69 |
| Item number | FUN |
| Edition number | 22 |
| 245 00 - TITLE STATEMENT | |
| Title | Fundamentals of fixed prosthodontics / |
| Statement of responsibility, etc | Herbert T. Shillingburg ... [et al.] ; illustrations by Suzan E. Stone. |
| 250 ## - EDITION STATEMENT | |
| Edition statement | 4th ed. |
| 260 ## - PUBLICATION, DISTRIBUTION, ETC. (IMPRINT) | |
| Place of publication, distribution, etc | Hanover Park : |
| Name of publisher, distributor, etc | Quintessence Publishing, |
| Date of publication, distribution, etc | c.2012. |
| 300 ## - PHYSICAL DESCRIPTION | |
| Extent | x, 574 p. : |
| Other physical details | ill. (some col.) ; |
| Dimensions | 29 cm. |
| 500 ## - GENERAL NOTE | |
| General note | Rev. ed. of: Fundamentals of fixed prosthodontics / Herbert T. Shillingburg, Jr., Sumiya Hobo, Lowell D. Whitsett. 2nd ed. 1981. |
| 500 ## - GENERAL NOTE | |
| General note | Index : p. 555-574. |
| 504 ## - BIBLIOGRAPHY, ETC. NOTE | |
| Bibliography, etc | Includes bibliographical references. |
| 520 ## - SUMMARY, ETC. | |
| Summary, etc | Designed to serve as an introduction to restorative dentistry techniques using fixed partial dentures and cast metal, metal-ceramic, and all-ceramic restorations, this book provides the background knowledge needed by the novice and serves as a refresher for the practitioner or graduate student. |
| 650 #7 - SUBJECT ADDED ENTRY--TOPICAL TERM | |
| Topical term or geographic name as entry element | Prosthodontics. |
| Source of heading or term | BUEsh |
| 9 (RLIN) | 30625 |
| 650 #7 - SUBJECT ADDED ENTRY--TOPICAL TERM | |
| Topical term or geographic name as entry element | Bridges (Dentistry) |
| Source of heading or term | BUEsh |
| 9 (RLIN) | 32532 |
| 650 #7 - SUBJECT ADDED ENTRY--TOPICAL TERM | |
| Topical term or geographic name as entry element | Crowns (Dentistry) |
| Source of heading or term | BUEsh |
| 9 (RLIN) | 32533 |
| 650 #0 - SUBJECT ADDED ENTRY--TOPICAL TERM | |
| Topical term or geographic name as entry element | Denture, Partial, Fixed. |
| Source of heading or term | BUEsh |
| 9 (RLIN) | 30626 |
| 651 ## - SUBJECT ADDED ENTRY--GEOGRAPHIC NAME | |
| Source of heading or term | BUEsh |
| 653 ## - INDEX TERM--UNCONTROLLED | |
| Resource For college | |
| Arrived date list | July2012 |
| -- | March2016 |
| 700 1# - ADDED ENTRY--PERSONAL NAME | |
| Personal name | Shillingburg, Herbert T. |
| 9 (RLIN) | 30629 |
| 700 1# - ADDED ENTRY--PERSONAL NAME | |
| Personal name | Stone, Suzan E., |
| Relator term | printer of plates. |
| 942 ## - ADDED ENTRY ELEMENTS (KOHA) | |
| Source of classification or shelving scheme | Dewey Decimal Classification |
| Item type | |
| Withdrawn status | Item status | Source of classification or shelving scheme | Damaged status | Not for loan | Vendor | Home library | Current library | Shelving location | Date acquired | Source of acquisition | Cost, normal purchase price | Serial Enumeration / chronology | Total Checkouts | Total Renewals | Full call number | Barcode | Date last seen | Date last borrowed | Koha item type | Cost, replacement price |
|---|---|---|---|---|---|---|---|---|---|---|---|---|---|---|---|---|---|---|---|---|
| Dewey Decimal Classification | Baccah | Central Library | Central Library | First floor | 12/07/2012 | 650.00 | 15465 | 3 | 18 | 617.69 FUN | 000026975 | 15/07/2025 | 27/03/2022 | Book - Borrowing | ||||||
| Dewey Decimal Classification | Baccah | Central Library | Central Library | First floor | 12/07/2012 | 650.00 | 15465 | 6 | 20 | 617.69 FUN | 000026976 | 15/07/2025 | 19/04/2025 | Book - Borrowing | ||||||
| Dewey Decimal Classification | Central Library | Central Library | First floor | 10/03/2016 | Purchase | 1300.00 | 582 | 3 | 21 | 617.69 FUN | 000031944 | 15/07/2025 | 25/10/2018 | Book - Borrowing | 1625.00 |